Chayākaṃ. (Record no. 78793)

MARC details
000 -LEADER
fixed length control field 00521cam a22002171 4500
001 - CONTROL NUMBER
control field sa 68002523
003 - CONTROL NUMBER IDENTIFIER
control field DLC
005 - DATE AND TIME OF LATEST TRANSACTION
control field 20260227112444.0
008 - FIXED-LENGTH DATA ELEMENTS--GENERAL INFORMATION
fixed length control field 890504s1963 np 000 0 newo
010 ## - LIBRARY OF CONGRESS CONTROL NUMBER
LC control number sa 68002523
035 ## - SYSTEM CONTROL NUMBER
System control number (OCoLC)19657039
040 ## - CATALOGING SOURCE
Original cataloging agency DLC
Transcribing agency WaU
Modifying agency DLC
042 ## - AUTHENTICATION CODE
Authentication code premarc
050 00 - LIBRARY OF CONGRESS CALL NUMBER
Classification number PL3801.N56
Item number B3
100 1# - MAIN ENTRY--PERSONAL NAME
Personal name Bajracharya, Barnabajra,
Dates associated with a name 1921-
245 10 - TITLE STATEMENT
Title Chayākaṃ.
260 ## - PUBLICATION, DISTRIBUTION, ETC.
Date of publication, distribution, etc. [1963 or 4]
300 ## - PHYSICAL DESCRIPTION
Extent 56 p.
Dimensions 19 cm.
500 ## - GENERAL NOTE
General note In Newari.
650 #0 - SUBJECT ADDED ENTRY--TOPICAL TERM
Topical term or geographic name entry element Newari literature.

No items available.

Powered by Koha